| 000 | 01387cam a2200265 4500 | ||
|---|---|---|---|
| 001 | ABS67246 | ||
| 008 | 031114n2003 000 0 eng u | ||
| 035 | _a(Sirsi) u124331 | ||
| 100 | _aSmulian, M. | ||
| 245 | 2 | _aA potential wave of recovery | |
| 260 | _c2003 | ||
| 490 |
_aPlanning (for the Natural and Built Environment) _v7 November 2003, 14-15(2) |
||
| 520 | _aResearch undertaken by Sheffield Hallam University "The seaside economy" reveals that coastal towns have adapted well to economic and social changes. Assesses the value of tourism and the move away from the traditional British holiday to conference, trade, short breaks and day trips. Statistics reveal that in the last 30 years, 360 000 people of working age have moved to the coastal towns. Poor public transport and road links and quality of housing are highlighted as the main problems facing resorts. EU funding has also helped enhance the prospects of some resorts such as Southport and Cleethorpes. Southend-on-Sea is heavily dependant on the day-trip trade. | ||
| 590 | _aABS | ||
| 650 | _aCOASTAL TOWNS | ||
| 650 | _aSEASIDE RESORTS | ||
| 650 | _aTOURISM | ||
| 650 | _aPUBLIC TRANSPORT | ||
| 650 | _aHOUSING | ||
| 650 | _aPROPERTY-INFRASTRUCTURE-TRANSPORT INFRASTRUCTURE-ROAD INFRASTRUCTURE | ||
| 650 | _aJOBS CREATION | ||
| 650 | _aREGENERATION | ||
| 690 | _aECONOMIC ISSUES | ||
| 942 | _n0 | ||
| 999 |
_c73795 _d73795 |
||